| 000 | 00466nam a2200169 i 4500 | ||
|---|---|---|---|
| 001 | 87197 | ||
| 003 | ES-MaACL | ||
| 005 | 20230906175621.0 | ||
| 007 | t| | ||
| 008 | 041220s1913 gw ||||1| ger d | ||
| 100 | 1 |
_aKraft, Ernst. _968708 |
|
| 245 | 1 | 0 |
_aAnalytisches diagnostikum / _cvon Ernst Kraft. |
| 250 | _a2e auf. | ||
| 260 |
_aLeipzig : _bJohann Ambrosius Barth, _c1913. |
||
| 300 |
_aXVIII, 445 p., 4 lám. : _bil. ; _c22 cm. |
||
| 852 |
_aES-MaACL _jF-2132 |
||
| 999 |
_c87197 _d87197 |
||